| 000 | 00420nam a2200157 a 4500 | ||
|---|---|---|---|
| 001 | 5862 | ||
| 003 | CDMR | ||
| 005 | 20131025121750.0 | ||
| 008 | 130220s1972||||||||||||||||||||||||||||d | ||
| 040 |
_aCDMR _bcat _cCDMR |
||
| 100 | 1 |
_aGiroud, Françoise _92640 |
|
| 245 | 1 | 0 |
_aSi je mens -- _b: conversations avec Claude Glayman _cFrançoise Giroud |
| 260 |
_aParis _bStock _c1972 |
||
| 300 |
_a275 p. ; _c20 cm |
||
| 942 |
_cMON _2udc |
||
| 999 |
_c5862 _d5862 |
||